| 000 | 01093nam0a22003011 4500 | ||
|---|---|---|---|
| 001 | rc\2298467 | ||
| 005 | 20110829140244.2 | ||
| 035 | _a(NLR Aleph) 006667211 | ||
| 090 |
_a4954069 _c4954069 |
||
| 100 | _a20110829d1977 |||y0rusy50 ca | ||
| 101 | 0 | _arus | |
| 102 | _aRU | ||
| 105 | _aa g ||||| | ||
| 200 | 1 |
_aСправочник сварщика-судостроителя _fЗ.Б. Дрейзеншток, Н.Л. Лушков |
|
| 205 | _a3-е изд., перераб. и доп. | ||
| 210 |
_aЛенинград _cСудостроение _d1977 |
||
| 215 |
_a351 с. _cил. _d22 |
||
| 320 | _aСписок лит.: с. 347-349 | ||
| 606 |
_aСварка в судостроении и судоремонте _jСправочники _2rkp |
||
| 700 | 1 |
_aДрейзеншток _bЗ. Б. _gЗундель Борисович |
|
| 701 | 1 |
_aЛушков _bН. Л. _gНатан Лазаревич |
|
| 801 | 0 |
_aRU _bNLR _gpsbo |
|
| 801 | 1 |
_aRU _bELAR _2rusmarc |
|
| 852 |
_aNLR _j77-5/8434 |
||
| 899 |
_aRuMoRGB _jБ 77-51/1659 |
||
| 899 |
_aRuMoRGB _jБ 77-51/1660 |
||
| 942 | _cBOOK | ||
| 980 | _aNB | ||